<?xml version="1.0" encoding="UTF-8"?>
<record
    xmlns:xsi="http://www.w3.org/2001/XMLSchema-instance"
    xsi:schemaLocation="http://www.loc.gov/MARC21/slim http://www.loc.gov/standards/marcxml/schema/MARC21slim.xsd"
    xmlns="http://www.loc.gov/MARC21/slim">

  <leader>02747nam a22003737a 4500</leader>
  <controlfield tag="005">2009060304164.0</controlfield>
  <controlfield tag="008">090603t        xxu||||| |||| 00| 0 eng d</controlfield>
  <datafield tag="010" ind1=" " ind2=" ">
    <subfield code="a">ENG-93861</subfield>
  </datafield>
  <datafield tag="020" ind1=" " ind2=" ">
    <subfield code="a">9788177081817</subfield>
    <subfield code="c">560.00</subfield>
  </datafield>
  <datafield tag="035" ind1=" " ind2=" ">
    <subfield code="a">EN-77394</subfield>
  </datafield>
  <datafield tag="035" ind1=" " ind2=" ">
    <subfield code="a">B-359614-620</subfield>
  </datafield>
  <datafield tag="037" ind1=" " ind2=" ">
    <subfield code="b">DBAD / PUB</subfield>
  </datafield>
  <datafield tag="037" ind1=" " ind2=" ">
    <subfield code="b">New Century Publications </subfield>
  </datafield>
  <datafield tag="040" ind1=" " ind2=" ">
    <subfield code="a">dpl</subfield>
    <subfield code="b">English </subfield>
  </datafield>
  <datafield tag="082" ind1=" " ind2=" ">
    <subfield code="a">352.3802854</subfield>
  </datafield>
  <datafield tag="100" ind1=" " ind2=" ">
    <subfield code="a">Srinivas Raj, B. </subfield>
  </datafield>
  <datafield tag="245" ind1=" " ind2=" ">
    <subfield code="a">E-governance techniques:</subfield>
    <subfield code="c">by B. Srinivas Raj </subfield>
    <subfield code="b">Indian and global experiences /</subfield>
  </datafield>
  <datafield tag="260" ind1=" " ind2=" ">
    <subfield code="a">New Delhi </subfield>
    <subfield code="b">New Century Pubications</subfield>
    <subfield code="c">2008</subfield>
  </datafield>
  <datafield tag="270" ind1=" " ind2=" ">
    <subfield code="a">4800/24, Bharat Ram Road, Ansari Road, Daryaganj</subfield>
    <subfield code="b">New Delhi </subfield>
    <subfield code="e">110002</subfield>
  </datafield>
  <datafield tag="300" ind1=" " ind2=" ">
    <subfield code="a">xviii, 204p.</subfield>
    <subfield code="c">23cm(Hb) </subfield>
  </datafield>
  <datafield tag="500" ind1=" " ind2=" ">
    <subfield code="a">Includes bibliographical references and index </subfield>
  </datafield>
  <datafield tag="650" ind1=" " ind2=" ">
    <subfield code="a">Internet in public administration</subfield>
  </datafield>
  <datafield tag="650" ind1=" " ind2=" ">
    <subfield code="a">Electronic government information </subfield>
  </datafield>
  <datafield tag="942" ind1=" " ind2=" ">
    <subfield code="2">ddc</subfield>
    <subfield code="c">EN</subfield>
    <subfield code="m">SRI</subfield>
    <subfield code="h">352.3802854</subfield>
  </datafield>
  <datafield tag="999" ind1=" " ind2=" ">
    <subfield code="c">27195</subfield>
    <subfield code="d">27195</subfield>
  </datafield>
  <datafield tag="952" ind1=" " ind2=" ">
    <subfield code="0">0</subfield>
    <subfield code="1">0</subfield>
    <subfield code="2">ddc</subfield>
    <subfield code="4">0</subfield>
    <subfield code="7">1</subfield>
    <subfield code="8">NFIC</subfield>
    <subfield code="a">DBAD</subfield>
    <subfield code="b">DBAD</subfield>
    <subfield code="d">2009-06-03</subfield>
    <subfield code="e">DBAD /  PUB</subfield>
    <subfield code="g">560.00</subfield>
    <subfield code="l">0</subfield>
    <subfield code="o">352.3802854 SRI</subfield>
    <subfield code="p">EN-77394</subfield>
    <subfield code="r">2009-06-03 00:00:00</subfield>
    <subfield code="t">1</subfield>
    <subfield code="v">560.00</subfield>
    <subfield code="w">2009-06-03</subfield>
    <subfield code="y">EN</subfield>
  </datafield>
  <datafield tag="952" ind1=" " ind2=" ">
    <subfield code="0">0</subfield>
    <subfield code="1">0</subfield>
    <subfield code="2">ddc</subfield>
    <subfield code="4">0</subfield>
    <subfield code="7">0</subfield>
    <subfield code="8">NFIC</subfield>
    <subfield code="a">L</subfield>
    <subfield code="b">L</subfield>
    <subfield code="d">2010-01-20</subfield>
    <subfield code="e">New Century/8289/21.10.09/126/16.10.09/21.10.09</subfield>
    <subfield code="g">560.00</subfield>
    <subfield code="l">3</subfield>
    <subfield code="o">352.3802854 SRI</subfield>
    <subfield code="p">B-359614</subfield>
    <subfield code="r">2019-07-16 00:00:00</subfield>
    <subfield code="s">2019-06-29</subfield>
    <subfield code="t">1</subfield>
    <subfield code="v">560.00</subfield>
    <subfield code="w">2010-01-20</subfield>
    <subfield code="y">EN</subfield>
  </datafield>
  <datafield tag="952" ind1=" " ind2=" ">
    <subfield code="0">0</subfield>
    <subfield code="1">0</subfield>
    <subfield code="2">ddc</subfield>
    <subfield code="4">0</subfield>
    <subfield code="7">0</subfield>
    <subfield code="8">NFIC</subfield>
    <subfield code="a">BL1</subfield>
    <subfield code="b">BL1</subfield>
    <subfield code="d">2010-01-20</subfield>
    <subfield code="e">New Century/8289/21.10.09/126/16.10.09/21.10.09</subfield>
    <subfield code="g">560.00</subfield>
    <subfield code="l">0</subfield>
    <subfield code="o">352.3802854 SRI</subfield>
    <subfield code="p">B-359615</subfield>
    <subfield code="r">2010-01-20 00:00:00</subfield>
    <subfield code="t">1</subfield>
    <subfield code="v">560.00</subfield>
    <subfield code="w">2010-01-20</subfield>
    <subfield code="y">EN</subfield>
  </datafield>
  <datafield tag="952" ind1=" " ind2=" ">
    <subfield code="0">0</subfield>
    <subfield code="1">0</subfield>
    <subfield code="2">ddc</subfield>
    <subfield code="4">0</subfield>
    <subfield code="7">0</subfield>
    <subfield code="8">NFIC</subfield>
    <subfield code="a">JP</subfield>
    <subfield code="b">JP</subfield>
    <subfield code="d">2010-01-20</subfield>
    <subfield code="e">New Century/8289/21.10.09/126/16.10.09/21.10.09</subfield>
    <subfield code="g">560.00</subfield>
    <subfield code="l">5</subfield>
    <subfield code="o">352.3802854 SRI</subfield>
    <subfield code="p">B-359616</subfield>
    <subfield code="r">2012-01-04 00:00:00</subfield>
    <subfield code="s">2011-12-21</subfield>
    <subfield code="t">1</subfield>
    <subfield code="v">560.00</subfield>
    <subfield code="w">2010-01-20</subfield>
    <subfield code="y">EN</subfield>
  </datafield>
  <datafield tag="952" ind1=" " ind2=" ">
    <subfield code="0">0</subfield>
    <subfield code="1">0</subfield>
    <subfield code="2">ddc</subfield>
    <subfield code="4">0</subfield>
    <subfield code="7">0</subfield>
    <subfield code="8">NFIC</subfield>
    <subfield code="a">ZLS</subfield>
    <subfield code="b">ZLS</subfield>
    <subfield code="d">2010-01-20</subfield>
    <subfield code="e">New Century/8289/21.10.09/126/16.10.09/21.10.09</subfield>
    <subfield code="g">560.00</subfield>
    <subfield code="l">0</subfield>
    <subfield code="o">352.3802854 SRI</subfield>
    <subfield code="p">B-359617</subfield>
    <subfield code="r">2010-01-20 00:00:00</subfield>
    <subfield code="t">1</subfield>
    <subfield code="v">560.00</subfield>
    <subfield code="w">2010-01-20</subfield>
    <subfield code="y">EN</subfield>
  </datafield>
  <datafield tag="952" ind1=" " ind2=" ">
    <subfield code="0">0</subfield>
    <subfield code="1">0</subfield>
    <subfield code="2">ddc</subfield>
    <subfield code="4">0</subfield>
    <subfield code="7">0</subfield>
    <subfield code="8">NFIC</subfield>
    <subfield code="a">VP</subfield>
    <subfield code="b">VP</subfield>
    <subfield code="d">2010-01-20</subfield>
    <subfield code="e">New Century/8289/21.10.09/126/16.10.09/21.10.09</subfield>
    <subfield code="g">560.00</subfield>
    <subfield code="l">0</subfield>
    <subfield code="o">352.3802854 SRI</subfield>
    <subfield code="p">B-359618</subfield>
    <subfield code="r">2010-01-20 00:00:00</subfield>
    <subfield code="t">1</subfield>
    <subfield code="v">560.00</subfield>
    <subfield code="w">2010-01-20</subfield>
    <subfield code="y">EN</subfield>
  </datafield>
  <datafield tag="952" ind1=" " ind2=" ">
    <subfield code="0">0</subfield>
    <subfield code="1">0</subfield>
    <subfield code="2">ddc</subfield>
    <subfield code="4">0</subfield>
    <subfield code="7">0</subfield>
    <subfield code="8">NFIC</subfield>
    <subfield code="a">BL3</subfield>
    <subfield code="b">BL3</subfield>
    <subfield code="d">2010-01-20</subfield>
    <subfield code="e">New Century/8289/21.10.09/126/16.10.09/21.10.09</subfield>
    <subfield code="g">560.00</subfield>
    <subfield code="l">0</subfield>
    <subfield code="o">352.3802854 SRI</subfield>
    <subfield code="p">B-359619</subfield>
    <subfield code="r">2010-01-20 00:00:00</subfield>
    <subfield code="t">1</subfield>
    <subfield code="v">560.00</subfield>
    <subfield code="w">2010-01-20</subfield>
    <subfield code="y">EN</subfield>
  </datafield>
  <datafield tag="952" ind1=" " ind2=" ">
    <subfield code="0">0</subfield>
    <subfield code="1">0</subfield>
    <subfield code="2">ddc</subfield>
    <subfield code="4">0</subfield>
    <subfield code="7">0</subfield>
    <subfield code="8">NFIC</subfield>
    <subfield code="a">BL4</subfield>
    <subfield code="b">BL4</subfield>
    <subfield code="d">2010-01-20</subfield>
    <subfield code="e">New Century/8289/21.10.09/126/16.10.09/21.10.09</subfield>
    <subfield code="g">560.00</subfield>
    <subfield code="l">0</subfield>
    <subfield code="o">352.3802854 SRI</subfield>
    <subfield code="p">B-359620</subfield>
    <subfield code="r">2010-01-20 00:00:00</subfield>
    <subfield code="t">1</subfield>
    <subfield code="v">560.00</subfield>
    <subfield code="w">2010-01-20</subfield>
    <subfield code="y">EN</subfield>
  </datafield>
</record>
